[Event "Moscow op-A 16th"]
[Site "Moscow"]
[Date "2020.01.25"]
[Round "1"]
[White "Pourramezanali, Amirreza"]
[Black "Lepaev, Andrey"]
[Result "1-0"]
[WhiteElo "2488"]
[BlackElo "2186"]
[PlyCount "92"]
[EventDate "2020.01.25"]
[EventType "swiss"]
[EventRounds "9"]
[EventCountry "RUS"]
[SourceTitle "CBM 194 Extra"]
[Source "ChessBase"]
[SourceDate "2020.03.31"]
[SourceVersion "1"]
[SourceVersionDate "2020.03.31"]
[SourceQuality "1"]

1. e4 d6 2. d4 Nf6 3. Nc3 g6 4. Nf3 Bg7 5. h3 0-0 6. Be3 c6 7. a4 Qc7 8. Qd2 Nbd7 9. Rd1 b6 10. Bd3 Bb7 11. 0-0 Rfe8 12. Rfe1 e5 13. dxe5 Nxe5 14. Be2 Nxf3+ 15. Bxf3 Re6 16. Bf4 Bf8 17. Re3 Ba6 18. Ne2 Bxe2 19. Qxe2 Rae8 20. c3 Qb7 21. b4 b5 22. axb5 Qxb5 23. Qxb5 cxb5 24. Rd4 h5 25. g4 hxg4 26. hxg4 Nd7 27. Be2 a6 28. c4 Bg7 29. Rxd6 Rxd6 30. Bxd6 Bd4 31. Rd3 Rxe4 32. Bf3 Re1+ 33. Kg2 Ne5 34. Bxe5 Bxe5 35. c5 Rc1 36. Rd7 Rc4 37. c6 Kg7 38. g5 Rxb4 39. Bd5 Rf4 40. Kf1 a5 41. c7 Bxc7 42. Rxc7 Rf5 43. Ba2 b4 44. Ra7 Rc5 45. Rxf7+ Kh8 46. Ra7 Rxg5 1-0

[Event "St Petersburg Korchnoi Memorial op"]
[Site "St Petersburg"]
[Date "2019.08.19"]
[Round "6"]
[White "Lepaev, Andrey"]
[Black "Vorobjev, Dmitry"]
[Result "1-0"]
[WhiteElo "1997"]
[BlackElo "2173"]
[PlyCount "75"]
[EventDate "2019.08.14"]
[EventType "swiss"]
[EventRounds "9"]
[EventCountry "RUS"]
[SourceTitle "CBM 192"]
[Source "ChessBase"]
[SourceDate "2019.10.31"]
[SourceVersion "1"]
[SourceVersionDate "2019.10.31"]
[SourceQuality "1"]

1. d4 Nf6 2. c4 g6 3. g3 c5 4. dxc5 Qa5+ 5. Nc3 Bg7 6. Bg2 Na6 7. Qa4 Qxc5 8. Be3 Qb4 9. a3 Qxb2 10. Rc1 Ng4 11. Bd2 Nc5 12. Qc2 Qb6 13. Nd5 Nd3+ 14. Qxd3 Qxf2+ 15. Kd1 Qxg2 16. Qf3 Qxh1 17. Qxh1 Nf2+ 18. Ke1 Nxh1 19. Nc7+ Kd8 20. Nxa8 b6 21. c5 Bb7 22. cxb6 a6 23. Ba5 e6 24. Rc7 Bxa8 25. b7 Bxb7 26. Rxb7+ Ke7 27. Bb4+ Kf6 28. Kf1 Rc8 29. Kg2 Nxg3 30. hxg3 d5 31. Nf3 Bf8 32. Bd2 Bxa3 33. Bg5+ Kg7 34. Ne5 Rf8 35. Ng4 Re8 36. Bh6+ Kh8 37. Nf6 Rc8 38. Rxf7 1-0

[Event "St Petersburg Korchnoi Memorial op"]
[Site "St Petersburg"]
[Date "2019.08.16"]
[Round "3"]
[White "Lepaev, Andrey"]
[Black "Golovchenko, Bogdan"]
[Result "1-0"]
[WhiteElo "1997"]
[BlackElo "1723"]
[PlyCount "51"]
[EventDate "2019.08.14"]
[EventType "swiss"]
[EventRounds "9"]
[EventCountry "RUS"]
[SourceTitle "CBM 192"]
[Source "ChessBase"]
[SourceDate "2019.10.31"]
[SourceVersion "1"]
[SourceVersionDate "2019.10.31"]
[SourceQuality "1"]

1. d4 Nf6 2. c4 c5 3. d5 b5 4. cxb5 a6 5. bxa6 Bxa6 6. Nc3 d6 7. g3 g6 8. Bg2 Bg7 9. Nf3 Nbd7 10. Rb1 0-0 11. 0-0 Rb8 12. b3 Ng4 13. Bd2 Qc7 14. a4 Rb7 15. h3 Nge5 16. Ne1 Nf6 17. Nc2 Rfb8 18. Na3 Ne8 19. Ncb5 Bxb5 20. Nxb5 Qc8 21. Ba5 Ra8 22. Qd2 Qf5 23. f4 Nd7 24. g4 Bd4+ 25. Nxd4 Qf6 26. Nc6 1-0

[Event "St Petersburg Korchnoi Memorial op"]
[Site "St Petersburg"]
[Date "2019.08.15"]
[Round "2"]
[White "Schekachikhin, Maksim"]
[Black "Lepaev, Andrey"]
[Result "1-0"]
[WhiteElo "2416"]
[BlackElo "1997"]
[PlyCount "75"]
[EventDate "2019.08.14"]
[EventType "swiss"]
[EventRounds "9"]
[EventCountry "RUS"]
[SourceTitle "CBM 192"]
[Source "ChessBase"]
[SourceDate "2019.10.31"]
[SourceVersion "1"]
[SourceVersionDate "2019.10.31"]
[SourceQuality "1"]

1. Nf3 d5 2. e3 Nf6 3. c4 e6 4. Nc3 Be7 5. b3 0-0 6. Be2 c5 7. cxd5 exd5 8. d4 Nc6 9. Bb2 Bg4 10. dxc5 Bxc5 11. 0-0 a6 12. Rc1 Bd6 13. h3 Bh5 14. Nd4 Bxe2 15. Ncxe2 Ne7 16. Qd3 Qd7 17. Nf3 Ne4 18. Rfd1 Rfd8 19. Nc3 Qf5 20. Qd4 Nc6 21. Qd3 Ne7 22. Na4 Rac8 23. Qd4 Qg6 24. Rxc8 Rxc8 25. Rc1 Re8 26. Qd3 h6 27. Nc3 Rd8 28. Ne2 Nf5 29. Ned4 Ne7 30. Rc2 Bb4 31. Ne2 Nf5 32. Nf4 Qd6 33. Nd4 Ne7 34. Qe2 Rc8 35. Rxc8+ Nxc8 36. Nf5 Qd7 37. Qg4 g5 38. Nxh6+ 1-0

[Event "Moscow op-A 15th"]
[Site "Moscow"]
[Date "2019.01.30"]
[Round "5"]
[White "Tarasov, Oleg"]
[Black "Lepaev, Andrey"]
[Result "1-0"]
[WhiteElo "2174"]
[BlackElo "2019"]
[PlyCount "109"]
[EventDate "2019.01.26"]
[EventType "swiss"]
[EventRounds "9"]
[EventCountry "RUS"]
[SourceTitle "CBM 188 Extra"]
[Source "ChessBase"]
[SourceDate "2019.02.28"]
[SourceVersion "1"]
[SourceVersionDate "2019.02.28"]
[SourceQuality "1"]

1. e4 d6 2. d4 Nf6 3. Nc3 g6 4. g3 Bg7 5. Bg2 0-0 6. Nge2 e5 7. 0-0 c6 8. a4 a5 9. h3 Na6 10. Be3 Nb4 11. Qd2 Be6 12. f4 Bc4 13. Rfe1 exd4 14. Nxd4 Re8 15. Bf2 Qc7 16. Rad1 Rad8 17. g4 Qc8 18. Nde2 c5 19. Bh4 Rd7 20. Ng3 Red8 21. Qf2 Rf8 22. Kh1 b6 23. Rd2 Ne8 24. Red1 Bd4 25. Qf3 Bg7 26. Nb5 Nc6 27. c3 Bb3 28. Ra1 f6 29. Qd3 Bf7 30. Qc2 h6 31. Nf1 h5 32. gxh5 gxh5 33. Ne3 Bh6 34. Rf1 Ne7 35. Qd3 Kh8 36. Nc4 Bxc4 37. Qxc4 Ng6 38. Bg3 Rg8 39. Qe2 Rh7 40. Nxd6 Nxd6 41. Rxd6 h4 42. Bh2 Qf8 43. e5 f5 44. Rf6 Qg7 45. Rxf5 Qd7 46. Rf6 Qxa4 47. Be4 Rhg7 48. f5 Rd8 49. Rxg6 Rxg6 50. fxg6 Rd2 51. g7+ Kg8 52. Qg4 Rxh2+ 53. Kxh2 Qe8 54. Bh7+ Kxh7 55. g8Q+ 1-0

[Event "St Petersburg Korchnoi Memorial op"]
[Site "St Petersburg"]
[Date "2018.08.22"]
[Round "8"]
[White "Andrijashkin, Deniss"]
[Black "Lepaev, Andrey"]
[Result "0-1"]
[WhiteElo "1828"]
[BlackElo "2071"]
[PlyCount "64"]
[EventDate "2018.08.15"]
[EventType "swiss"]
[EventRounds "9"]
[EventCountry "RUS"]
[SourceTitle "CBM 186 Extra"]
[Source "ChessBase"]
[SourceDate "2018.08.24"]
[SourceVersion "1"]
[SourceVersionDate "2018.08.24"]
[SourceQuality "1"]

1. e4 c5 2. Ne2 d6 3. g3 Nc6 4. Bg2 g6 5. 0-0 Bg7 6. c3 e5 7. d3 Nge7 8. Be3 0-0 9. Na3 Be6 10. Nc2 Rc8 11. b4 cxb4 12. cxb4 b6 13. b5 Na5 14. Nb4 d5 15. f3 Qd7 16. Rb1 f5 17. Re1 Rf7 18. Kh1 d4 19. Bd2 Qxb5 20. f4 fxe4 21. Bxe4 Qd7 22. fxe5 Bxe5 23. Bf4 Bg7 24. Qd2 Nd5 25. Qb2 Nxb4 26. Qxb4 Bxa2 27. Ra1 Bd5 28. Nxd4 Re8 29. Ra4 Bxe4+ 30. dxe4 Qh3 31. Nf3 Rxf4 32. Ng5 Rf1+ 0-1

[Event "Voronezh op-B 22nd"]
[Site "Voronezh"]
[Date "2018.06.13"]
[Round "2"]
[White "Maraktanov, Andrey"]
[Black "Lepaev, Andrey"]
[Result "0-1"]
[WhiteElo "1763"]
[BlackElo "1992"]
[PlyCount "86"]
[EventDate "2018.06.12"]
[EventType "swiss"]
[EventRounds "9"]
[EventCountry "RUS"]
[SourceTitle "CBM 185 Extra"]
[Source "ChessBase"]
[SourceDate "2018.07.29"]
[SourceVersion "1"]
[SourceVersionDate "2018.07.29"]
[SourceQuality "1"]

1. d4 d5 2. Nf3 Nf6 3. c4 e6 4. g3 Be7 5. Bg2 0-0 6. 0-0 dxc4 7. Qc2 a6 8. Qxc4 b5 9. Qc2 Bb7 10. Bd2 Be4 11. Qc1 Bb7 12. Rd1 Nbd7 13. Ba5 Rc8 14. Nbd2 Qe8 15. Nb3 c5 16. dxc5 Nxc5 17. Nxc5 Bxc5 18. Qf4 Qe7 19. Ne5 Bxg2 20. Kxg2 b4 21. Nd3 Qb7+ 22. Kg1 Nd5 23. Nxc5 Rxc5 24. Rxd5 Rxd5 25. Qxb4 Rb5 26. Qa4 Rxb2 27. Bc3 Rb1+ 28. Rxb1 Qxb1+ 29. Kg2 Qb5 30. Qxb5 axb5 31. Bb4 Rc8 32. Kf3 f6 33. g4 Kf7 34. e4 g6 35. Ke3 Rc4 36. a3 f5 37. f3 fxg4 38. fxg4 Kf6 39. Be1 Rc2 40. h4 Ra2 41. g5+ Kf7 42. Bb4 Rh2 43. Kd4 Rxh4 0-1

[Event "Voronezh op-B 21st"]
[Site "Voronezh"]
[Date "2017.06.19"]
[Round "8"]
[White "Lepaev, Andrey"]
[Black "Khajrutdinov, Ildar"]
[Result "1-0"]
[WhiteElo "2059"]
[BlackElo "2087"]
[PlyCount "80"]
[EventDate "2017.06.12"]
[EventType "swiss"]
[EventRounds "9"]
[EventCountry "RUS"]
[SourceTitle "CBM 179 Extra"]
[Source "ChessBase"]
[SourceDate "2017.08.23"]
[SourceVersion "1"]
[SourceVersionDate "2017.08.23"]
[SourceQuality "1"]

1. d4 Nf6 2. c4 e6 3. g3 d5 4. Nf3 Be7 5. Bg2 0-0 6. 0-0 dxc4 7. Qc2 a6 8. a4 Bd7 9. Qxc4 Bc6 10. Bf4 Nbd7 11. Nc3 Nb6 12. Qd3 Nbd5 13. Nxd5 Bxd5 14. Rac1 Rc8 15. Nd2 Bxg2 16. Kxg2 c5 17. dxc5 Qxd3 18. exd3 Bxc5 19. Ne4 Nxe4 20. dxe4 Bd4 21. Bd6 Rfd8 22. b3 f6 23. Ba3 Kf7 24. Rxc8 Rxc8 25. Rc1 Rxc1 26. Bxc1 f5 27. exf5 exf5 28. Kf3 Ke6 29. Be3 Bf6 30. Ke2 Kd5 31. Kd3 g6 32. h3 h5 33. f3 Be5 34. g4 fxg4 35. fxg4 hxg4 36. hxg4 Bf6 37. Bf2 Be5 38. Be3 Bf6 39. Bg1 Be5 40. Be3 Bf6 1-0

[Event "Voronezh op-B 21st"]
[Site "Voronezh"]
[Date "2017.06.15"]
[Round "4"]
[White "Provkin, Vladimir"]
[Black "Lepaev, Andrey"]
[Result "0-1"]
[WhiteElo "2163"]
[BlackElo "2059"]
[PlyCount "97"]
[EventDate "2017.06.12"]
[EventType "swiss"]
[EventRounds "9"]
[EventCountry "RUS"]
[SourceTitle "CBM 179 Extra"]
[Source "ChessBase"]
[SourceDate "2017.08.23"]
[SourceVersion "1"]
[SourceVersionDate "2017.08.23"]
[SourceQuality "1"]

1. d4 Nf6 2. Bg5 Ne4 3. Bf4 d5 4. f3 Nf6 5. e4 c5 6. e5 Nfd7 7. c3 Nc6 8. Be3 cxd4 9. cxd4 Nb6 10. Nc3 Bf5 11. g4 Bg6 12. Nh3 e6 13. Nf4 Be7 14. Qd2 Bh4+ 15. Bf2 0-0 16. Be2 Bxf2+ 17. Kxf2 Nc4 18. Bxc4 dxc4 19. Rad1 Qb6 20. Na4 Qc7 21. Rhe1 Rad8 22. d5 exd5 23. Nxd5 Qb8 24. f4 Bd3 25. Nac3 b5 26. a3 b4 27. axb4 Nxb4 28. Nxb4 Qxb4 29. Ne4 Qb6+ 30. Qe3 Qxb2+ 31. Rd2 Qb6 32. Nd6 Qxe3+ 33. Kxe3 f6 34. Ra2 g5 35. Rxa7 gxf4+ 36. Kxf4 fxe5+ 37. Kxe5 Bg6 38. Rea1 c3 39. h4 Rf2 40. Ra8 Rxa8 41. Rxa8+ Rf8 42. Ra3 c2 43. Rc3 Rf1 44. Rc8+ Kg7 45. Rc7+ Kh6 46. Rc6 c1Q 47. Nf7+ Kg7 48. h5 Kg8 49. Rc7 0-1

[Event "Moscow op-A 13th"]
[Site "Moscow"]
[Date "2017.02.04"]
[Round "8"]
[White "Egorov, Pavel"]
[Black "Lepaev, Andrey"]
[Result "1/2-1/2"]
[WhiteElo "2245"]
[BlackElo "2065"]
[PlyCount "115"]
[EventDate "2017.01.28"]
[EventType "swiss"]
[EventRounds "9"]
[EventCountry "RUS"]
[SourceTitle "EXT 2018"]
[Source "ChessBase"]
[SourceDate "2017.10.13"]
[SourceVersion "1"]
[SourceVersionDate "2017.10.13"]
[SourceQuality "1"]

1. d4 d5 2. c4 e6 3. Nc3 Be7 4. Nf3 Nf6 5. Bg5 0-0 6. e3 c6 7. cxd5 Nxd5 8. Bxe7 Qxe7 9. Bd3 Nd7 10. Nxd5 exd5 11. 0-0 h6 12. Rb1 a5 13. Qc2 Re8 14. Rbe1 Qf8 15. Re2 Kh8 16. Rfe1 Re7 17. e4 dxe4 18. Rxe4 Rxe4 19. Bxe4 Nf6 20. Bf5 Bxf5 21. Qxf5 Qb4 22. g4 Qxb2 23. h4 Qxa2 24. g5 hxg5 25. hxg5 Nh7 26. Kg2 Qd5 27. Qh3 a4 28. g6 fxg6 29. Rh1 Qh5 30. Qd7 Qf5 31. Qxf5 gxf5 32. Ng5 Kg8 33. Rxh7 Rd8 34. Rh1 Rxd4 35. Kf3 b5 36. Re1 Rd8 37. Re7 Ra8 38. Ne6 a3 39. Rxg7+ Kh8 40. Rg1 a2 41. Ra1 b4 42. Nc5 Ra5 43. Nd3 b3 44. Ke3 Kg7 45. Nb2 Rd5 46. Na4 f4+ 47. Ke2 Rd4 48. Nc3 c5 49. Nxa2 bxa2 50. Rxa2 Kf6 51. Ra5 Rd5 52. Ra4 Ke5 53. Rc4 Kf5 54. Kf3 Rd3+ 55. Ke2 Rd4 56. Rxc5+ Kg4 57. f3+ Kh4 58. Rc8 1/2-1/2

[Event "Moscow op-A 13th"]
[Site "Moscow"]
[Date "2017.02.03"]
[Round "7"]
[White "Merkushev, Dmitry"]
[Black "Lepaev, Andrey"]
[Result "1-0"]
[WhiteElo "2114"]
[BlackElo "2065"]
[PlyCount "115"]
[EventDate "2017.01.28"]
[EventType "swiss"]
[EventRounds "9"]
[EventCountry "RUS"]
[SourceTitle "EXT 2018"]
[Source "ChessBase"]
[SourceDate "2017.10.13"]
[SourceVersion "1"]
[SourceVersionDate "2017.10.13"]
[SourceQuality "1"]

1. Nf3 Nf6 2. d4 d5 3. c4 c6 4. cxd5 cxd5 5. Qb3 Nc6 6. Nc3 a6 7. Bf4 b5 8. e3 Bf5 9. Be2 h6 10. 0-0 e6 11. Nxb5 Rc8 12. Qa4 Qd7 13. Rac1 Be7 14. Nc7+ Rxc7 15. Bxc7 Nb4 16. Qxd7+ Nxd7 17. Ba5 0-0 18. Rc7 Bd8 19. Bxb4 Bxc7 20. Bxf8 Kxf8 21. Bxa6 Ke7 22. Rd1 f6 23. h3 Bg6 24. Ne1 Kd6 25. f4 e5 26. Bd3 Bf7 27. Bb5 Nf8 28. Rc1 Ne6 29. Rc6+ Kd7 30. f5 Nd8 31. Rxf6+ Ke7 32. Ra6 exd4 33. exd4 Bf4 34. Kf2 Bd6 35. Nd3 g5 36. fxg6 Bxg6 37. Ne5 Be4 38. Ra7+ Kf6 39. Rd7 Be7 40. Rxe7 Kxe7 41. Nc6+ Nxc6 42. Bxc6 Kd6 43. Bb5 Kc7 44. Be2 Bc2 45. Bf3 Kc6 46. Ke3 Kd6 47. Kf4 Bd3 48. g4 Bb1 49. a4 Bd3 50. h4 Bc2 51. a5 Bd3 52. g5 hxg5+ 53. hxg5 Bg6 54. a6 Kc6 55. Bxd5+ Kb6 56. Bc4 Ka7 57. Ke5 Bc2 58. Kf6 1-0

[Event "Moscow op-A 13th"]
[Site "Moscow"]
[Date "2017.01.30"]
[Round "3"]
[White "Smirnov, Timofey"]
[Black "Lepaev, Andrey"]
[Result "1/2-1/2"]
[WhiteElo "2331"]
[BlackElo "2065"]
[PlyCount "136"]
[EventDate "2017.01.28"]
[EventType "swiss"]
[EventRounds "9"]
[EventCountry "RUS"]
[SourceTitle "EXT 2018"]
[Source "ChessBase"]
[SourceDate "2017.10.13"]
[SourceVersion "1"]
[SourceVersionDate "2017.10.13"]
[SourceQuality "1"]

1. e4 c5 2. Nf3 Nc6 3. d4 cxd4 4. Nxd4 Nf6 5. Nc3 e5 6. Ndb5 d6 7. Bg5 a6 8. Na3 b5 9. Nd5 Be7 10. Bxf6 Bxf6 11. c4 b4 12. Nc2 0-0 13. Be2 Rb8 14. b3 a5 15. 0-0 Bg5 16. Nce3 g6 17. Kh1 Kh8 18. Qd3 f5 19. exf5 gxf5 20. f4 e4 21. Qd2 Bh6 22. Rfd1 Bg7 23. Rac1 Nd4 24. Bf1 Bd7 25. Rb1 Be8 26. Qf2 Bh5 27. Rd2 Qd7 28. Nd1 Rbe8 29. Qe3 Ne6 30. Nf2 Qc8 31. Be2 Bg6 32. Rbd1 Qc5 33. g3 Bc3 34. Rc2 Qxe3 35. Nxe3 Bd4 36. Rxd4 Nxd4 37. Rd2 Nxe2 38. Rxe2 a4 39. Kg2 axb3 40. axb3 Ra8 41. h3 Ra3 42. Rb2 Rfa8 43. g4 fxg4 44. hxg4 Ra2 45. Rxa2 Rxa2 46. f5 Bf7 47. Kf1 Ra3 48. Nxe4 Rxb3 49. Ke2 Ra3 50. Nxd6 b3 51. Nb5 Ra2+ 52. Kd3 Rf2 53. Nc3 b2 54. Kd4 Rd2+ 55. Ke4 Re2 56. c5 Re1 57. c6 Bd5+ 58. Kxd5 Rxe3 59. Nb1 Re1 60. c7 Rc1 61. Kd6 Kg7 62. Na3 Rc3 63. Nb1 Rc1 64. Na3 Kf6 65. Kd7 h5 66. gxh5 Kxf5 67. c8Q Rxc8 68. Kxc8 Kg5 1/2-1/2

[Event "Moscow op-A 13th"]
[Site "Moscow"]
[Date "2017.01.29"]
[Round "2"]
[White "Lepaev, Andrey"]
[Black "Syrchikov, Alexander"]
[Result "1/2-1/2"]
[WhiteElo "2065"]
[BlackElo "2386"]
[PlyCount "80"]
[EventDate "2017.01.28"]
[EventType "swiss"]
[EventRounds "9"]
[EventCountry "RUS"]
[SourceTitle "EXT 2018"]
[Source "ChessBase"]
[SourceDate "2017.10.13"]
[SourceVersion "1"]
[SourceVersionDate "2017.10.13"]
[SourceQuality "1"]

1. d4 Nf6 2. c4 e6 3. g3 Bb4+ 4. Bd2 a5 5. a3 Bxd2+ 6. Nxd2 d6 7. e3 0-0 8. Bg2 e5 9. Ne2 c6 10. 0-0 Bg4 11. h3 Bxe2 12. Qxe2 exd4 13. exd4 Nbd7 14. Qd3 Re8 15. b3 Nf8 16. Rfe1 Qd7 17. Kh2 Ng6 18. Rad1 Kf8 19. Ne4 Qf5 20. Nxf6 Qxf6 21. Qd2 Kg8 22. Kg1 Qf5 23. d5 c5 24. Rxe8+ Rxe8 25. Qxa5 Qc2 26. Re1 Rxe1+ 27. Qxe1 Qxb3 28. Qe8+ Nf8 29. Qd8 Qxc4 30. Qxd6 Qc1+ 31. Bf1 c4 32. Qc7 c3 33. d6 c2 34. Qc8 Qxa3 35. Qxc2 Qxd6 36. Qc8 Qd7 37. Qb8 g6 38. Bg2 b5 39. Bf1 Kg7 40. Bg2 b4 1/2-1/2

[Event "Moscow op-A 13th"]
[Site "Moscow"]
[Date "2017.01.28"]
[Round "1"]
[White "Sabirov, Temirjan"]
[Black "Lepaev, Andrey"]
[Result "1/2-1/2"]
[WhiteElo "2340"]
[BlackElo "2065"]
[PlyCount "30"]
[EventDate "2017.01.28"]
[EventType "swiss"]
[EventRounds "9"]
[EventCountry "RUS"]
[SourceTitle "EXT 2018"]
[Source "ChessBase"]
[SourceDate "2017.10.13"]
[SourceVersion "1"]
[SourceVersionDate "2017.10.13"]
[SourceQuality "1"]

1. Nf3 Nf6 2. c4 e6 3. Nc3 d5 4. cxd5 exd5 5. d4 c6 6. Bf4 Bf5 7. e3 Qb6 8. Qb3 Qxb3 9. axb3 Nbd7 10. Be2 Be7 11. h3 0-0 12. g4 Bc2 13. Bd1 Bd3 14. Be2 Bc2 15. Bd1 Bd3 1/2-1/2

[Event "Chigorin Memorial 24th"]
[Site "St Petersburg"]
[Date "2016.10.21"]
[Round "7"]
[White "Lepaev, Andrey"]
[Black "Vokhidov, Shamsiddin"]
[Result "0-1"]
[WhiteElo "1935"]
[BlackElo "2366"]
[PlyCount "40"]
[EventDate "2016.10.15"]
[EventType "swiss"]
[EventRounds "9"]
[EventCountry "RUS"]
[SourceTitle "CBM 175 Extra"]
[Source "ChessBase"]
[SourceDate "2016.12.12"]
[SourceVersion "1"]
[SourceVersionDate "2016.12.12"]
[SourceQuality "1"]

1. d4 Nf6 2. c4 e6 3. g3 Bb4+ 4. Bd2 a5 5. Bg2 d6 6. e4 e5 7. d5 Nbd7 8. Bxb4 axb4 9. Nd2 Nc5 10. Qc2 b5 11. Ne2 bxc4 12. 0-0 0-0 13. Nxc4 Rxa2 14. Rxa2 b3 15. Qc3 bxa2 16. f3 Qd7 17. Qa5 Ba6 18. Qxa2 Qb5 19. Rc1 Nd3 20. Rc3 Qc5+ 0-1

[Event "Chigorin Memorial 24th"]
[Site "St Petersburg"]
[Date "2016.10.20"]
[Round "6"]
[White "Kaganskiy, Gleb"]
[Black "Lepaev, Andrey"]
[Result "0-1"]
[WhiteElo "2226"]
[BlackElo "1935"]
[PlyCount "76"]
[EventDate "2016.10.15"]
[EventType "swiss"]
[EventRounds "9"]
[EventCountry "RUS"]
[SourceTitle "CBM 175 Extra"]
[Source "ChessBase"]
[SourceDate "2016.12.12"]
[SourceVersion "1"]
[SourceVersionDate "2016.12.12"]
[SourceQuality "1"]

1. a3 g6 2. d4 d5 3. Nf3 Nf6 4. e3 Bg7 5. c4 e6 6. Nc3 0-0 7. Bd3 dxc4 8. Bxc4 a6 9. 0-0 b5 10. Ba2 Bb7 11. Re1 Ne4 12. Qc2 Nxc3 13. bxc3 c5 14. Qe2 cxd4 15. cxd4 Nc6 16. Bb2 Qb6 17. Nd2 Na5 18. Rec1 Rac8 19. Bc3 Rfd8 20. Bb4 Bf8 21. Nb3 Nxb3 22. Bxb3 Rc6 23. Qd2 Rdc8 24. f3 Rxc1+ 25. Rxc1 Rxc1+ 26. Qxc1 a5 27. Bxf8 Kxf8 28. Qb2 b4 29. Kf2 Qd6 30. axb4 Qxb4 31. Qc2 Kg7 32. Ba4 Ba6 33. Bc6 Bc4 34. Qe4 f6 35. Qf4 Qd2+ 36. Kg3 Qe1+ 37. Kh3 g5 38. Qe4 Bd3 0-1

[Event "Dvorkovich Memorial op"]
[Site "Taganrog"]
[Date "2016.01.26"]
[Round "9.31"]
[White "Maltsevskiy, Nikolay"]
[Black "Lepaev, Andrey"]
[Result "1/2-1/2"]
[WhiteElo "1951"]
[BlackElo "1898"]
[PlyCount "120"]
[EventDate "2016.01.18"]
[EventType "swiss"]
[EventRounds "9"]
[EventCountry "RUS"]
[SourceTitle "EXT 2018"]
[Source "ChessBase"]
[SourceDate "2017.10.13"]
[SourceVersion "1"]
[SourceVersionDate "2017.10.13"]
[SourceQuality "1"]

1. d4 d5 2. c4 e6 3. Nc3 Be7 4. Nf3 Nf6 5. Bg5 0-0 6. e3 Nbd7 7. Qc2 h6 8. Bh4 Re8 9. Rd1 c6 10. Bd3 dxc4 11. Bxc4 Nd5 12. Bxe7 Qxe7 13. e4 Nxc3 14. bxc3 c5 15. 0-0 Nb6 16. Bb5 Bd7 17. Bxd7 Nxd7 18. d5 exd5 19. exd5 Qe4 20. Qb3 Nb6 21. Qb5 Nxd5 22. Qxc5 Nf4 23. Rfe1 Nd3 24. Rxe4 Nxc5 25. Rc4 Rad8 26. Rcd4 Rc8 27. g3 Ne4 28. Rb4 Rxc3 29. Nh4 Nc5 30. Rd2 g6 31. Kg2 b6 32. Nf3 Rd3 33. Rc2 Kg7 34. Rbc4 Rd7 35. a4 a5 36. h4 Rd3 37. Rb2 Rxf3 38. Kxf3 Nd3 39. Re2 Ne1+ 40. Rxe1 Rxe1 41. Rc6 Re6 42. Rxe6 fxe6 43. Ke4 Kf6 44. g4 h5 45. g5+ Ke7 46. Ke5 Kd7 47. Kf6 b5 48. Kxg6 bxa4 49. Kf7 a3 50. g6 a2 51. g7 a1Q 52. g8Q Qa2 53. Qe8+ Kc7 54. Qe7+ Kc6 55. Qe8+ Kc5 56. Qe7+ Kd4 57. Qa7+ Kd5 58. Qb6 Ke4 59. Qe3+ Kf5 60. Qf3+ Ke5 1/2-1/2

[Event "Dvorkovich Memorial op"]
[Site "Taganrog"]
[Date "2016.01.24"]
[Round "7.32"]
[White "Lepaev, Andrey"]
[Black "Bashev, Fyodor"]
[Result "1-0"]
[WhiteElo "1898"]
[BlackElo "1673"]
[PlyCount "59"]
[EventDate "2016.01.18"]
[EventType "swiss"]
[EventRounds "9"]
[EventCountry "RUS"]
[SourceTitle "EXT 2018"]
[Source "ChessBase"]
[SourceDate "2017.10.13"]
[SourceVersion "1"]
[SourceVersionDate "2017.10.13"]
[SourceQuality "1"]

1. d4 d5 2. c4 e6 3. Nf3 Nf6 4. g3 c6 5. Nbd2 Bb4 6. Qc2 Nbd7 7. Bg2 0-0 8. 0-0 Qc7 9. a3 Bd6 10. e4 dxe4 11. Nxe4 Nxe4 12. Qxe4 Nf6 13. Qe2 Re8 14. Rd1 e5 15. c5 Bf8 16. dxe5 Bxc5 17. Qc2 Rxe5 18. Bf4 Bd6 19. Bxe5 Bxe5 20. Nxe5 Qxe5 21. Rd8+ Ne8 22. Qd2 f6 23. Re1 Qh5 24. Rexe8+ Qxe8 25. Rxe8+ Kf7 26. Rxc8 Rxc8 27. Qd7+ Kg6 28. Be4+ Kh6 29. Qh3+ Kg5 30. f4# 1-0